[Event "Hessenliga 0304"]
[Site "Germany"]
[Date "2004.01.25"]
[Round "5.3"]
[White "Schlesinger, Omri"]
[Black "Duncker, Joachim"]
[Result "1-0"]
[WhiteElo "2207"]
[BlackElo "2256"]
[PlyCount "47"]
[EventDate "2003.10.??"]
[EventType "team"]
[EventRounds "9"]
[EventCountry "GER"]
[SourceTitle "EXT 2005"]
[Source "ChessBase"]
[SourceDate "2004.11.15"]
[SourceVersion "1"]
[SourceVersionDate "2004.11.15"]
[SourceQuality "1"]
[WhiteTeam "Steinbach"]
[BlackTeam "Marburg"]
[WhiteTeamCountry "GER"]
[BlackTeamCountry "GER"]

1. e4 d5 2. exd5 Qxd5 3. Nc3 Qa5 4. d4 c6 5. Bc4 Bf5 6. Bd2 e6 7. d5 cxd5 8. Nxd5 Qd8 9. Qe2 Nf6 10. Nxf6+ Qxf6 11. 0-0-0 Nc6 12. Bc3 Qg5+ 13. Kb1 Bb4 14. Nf3 Qg4 15. Bxb4 Nxb4 16. Bb5+ Kf8 17. Ba4 Rc8 18. Rd4 Qxg2 19. Rhd1 Nxc2 20. Rd8+ Ke7 21. R1d7+ Kf6 22. Qe5+ Kg6 23. Nh4+ Kg5 24. Nxf5 1-0